Sports Quiz

Random Sports or WWE Quiz

Every NXT UK Women's Championship challenger Quiz Stats

 Plays Quiz not verified by Sporcle

Support Sporcle.
Go Orange.
Score 0/18 Timer 01:30
0 Plays Today
Champion Challenger % Correct
Tournament final for inaugural NXT UK Women's ChampionshipToni Storm
100%
Rhea Ripley (c) vs ________Toni Storm
100%
Kay Lee Ray (c) vs ________Toni Storm
100%
Kay Lee Ray (c) vs ________Toni Storm
100%
Tournament final for inaugural NXT UK Women's ChampionshipRhea Ripley
98.9%
Toni Storm (c) vs ________Rhea Ripley
98.9%
Toni Storm (c) vs ________Kay Lee Ray
98.9%
Kay Lee Ray (c) vs ________Piper Niven
88.9%
Kay Lee Ray (c) vs ________Piper Niven
84%
Champion Challenger % Correct
Toni Storm (c) vs ________Jinny
67%
Kay Lee Ray (c) vs ________Piper Niven
66.7%
Toni Storm (c) vs ________Biance Belair
63.8%
Rhea Ripley (c) vs ________Isla Dawn
59.6%
Toni Storm (c) vs ________Nina Samuels
53.2%
Toni Storm (c) vs ________Nikki Cross
50%
Rhea Ripley (c) vs ________Deonna Purrazzo
43.6%
Kay Lee Ray (c) vs ________Jinny
33.3%
Kay Lee Ray (c) vs ________Meiko Satomura
16.7%

You're not logged in!

Compare scores with friends on all Sporcle quizzes.
OR
Log In

From the Vault

Top Ten Artists of the '90s

by jmsr525

Unfortunately 'Do the Bartman' never cracked the top ten.
Remove Ads.
Support Sporcle.
Get the best of Sporcle when you Go Orange. This ad-free experience offers more features, more stats, and more fun while also helping to support Sporcle. Thank you for becoming a member.

Show Comments

Extras

Top Quizzes Today


Score Distribution

Your Account Isn't Verified!

In order to create a playlist on Sporcle, you need to verify the email address you used during registration. Go to your Sporcle Settings to finish the process.

Report this User

Report this user for behavior that violates our Community Guidelines.

Details: